[Event "PAR-ch"]
[Site "Asuncion"]
[Date "2009.09.08"]
[Round "3"]
[White "Hernandez, Angel C"]
[Black "Almiron, Antonio"]
[Result "1-0"]
[WhiteElo "2185"]
[BlackElo "2083"]
[PlyCount "51"]
[EventDate "2009.09.06"]
[EventType "swiss"]
[EventRounds "9"]
[EventCountry "PAR"]
[SourceTitle "CBM 132 Extra"]
[Source "ChessBase"]
[SourceDate "2009.11.03"]
[SourceVersion "1"]
[SourceVersionDate "2009.11.03"]
[SourceQuality "1"]

1. e4 c5 2. Nc3 Nc6 3. f4 g6 4. Nf3 Bg7 5. Bb5 Nd4 6. 0-0 Nxb5 7. Nxb5 d6 8. Nc3 Nf6 9. d3 0-0 10. Qe1 Qd7 11. h3 b5 12. Qh4 d5 13. e5 Ne8 14. f5 gxf5 15. Bh6 f6 16. Bxg7 Nxg7 17. Rae1 d4 18. Ne2 fxe5 19. Nxe5 Qd6 20. Nf4 Rf6 21. Rf3 Bb7 22. Rg3 Rh6 23. Qg5 Qf6 24. Qxf6 exf6 25. Nd7 Rc8 26. Re7 1-0

[Event "PAR-ch"]
[Site "Asuncion"]
[Date "2009.09.06"]
[Round "1"]
[White "Hernandez, Angel C"]
[Black "Recalde, Ariel"]
[Result "1-0"]
[WhiteElo "2185"]
[BlackElo "1997"]
[PlyCount "39"]
[EventDate "2009.09.06"]
[EventType "swiss"]
[EventRounds "9"]
[EventCountry "PAR"]
[SourceTitle "CBM 132 Extra"]
[Source "ChessBase"]
[SourceDate "2009.11.03"]
[SourceVersion "1"]
[SourceVersionDate "2009.11.03"]
[SourceQuality "1"]

1. e4 c6 2. d4 d5 3. exd5 cxd5 4. Bd3 Nf6 5. c3 Nc6 6. Bf4 e6 7. Nd2 Be7 8. Ngf3 0-0 9. 0-0 a6 10. a4 Bd7 11. Re1 Rc8 12. Ne5 Na5 13. Qf3 Re8 14. Bg5 h6 15. Bf4 Bf8 16. Re3 Re7 17. Bxh6 gxh6 18. Qxf6 Bg7 19. Rg3 Qf8 20. Rxg7+ 1-0

[Event "Asuncion-B 2nd"]
[Site "Asuncion"]
[Date "2009.07.06"]
[Round "9"]
[White "Hernandez, Angel C"]
[Black "Valiente, Cristobal"]
[Result "1/2-1/2"]
[WhiteElo "2228"]
[BlackElo "2234"]
[PlyCount "20"]
[EventDate "2009.06.28"]
[EventType "tourn"]
[EventRounds "9"]
[EventCountry "PAR"]
[EventCategory "1"]
[SourceTitle "CBM 131 Extra"]
[Source "ChessBase"]
[SourceDate "2009.09.03"]
[SourceVersion "2"]
[SourceVersionDate "2009.09.16"]
[SourceQuality "1"]

1. e4 c5 2. Nc3 e6 3. d3 Nc6 4. f4 d5 5. e5 Nge7 6. Nf3 Nf5 7. g3 Be7 8. Bg2 b6 9. 0-0 Bb7 10. Ne2 h5 1/2-1/2

[Event "Asuncion-B 2nd"]
[Site "Asuncion"]
[Date "2009.07.03"]
[Round "6"]
[White "Oddone, Cristhian"]
[Black "Hernandez, Angel C"]
[Result "0-1"]
[WhiteElo "2231"]
[BlackElo "2228"]
[PlyCount "70"]
[EventDate "2009.06.28"]
[EventType "tourn"]
[EventRounds "9"]
[EventCountry "PAR"]
[EventCategory "1"]
[SourceTitle "CBM 131 Extra"]
[Source "ChessBase"]
[SourceDate "2009.09.03"]
[SourceVersion "2"]
[SourceVersionDate "2009.09.16"]
[SourceQuality "1"]

1. d4 d5 2. e3 Bf5 3. Bd3 e6 4. Bxf5 exf5 5. c4 dxc4 6. Qa4+ c6 7. Qxc4 Nf6 8. Nc3 Nbd7 9. Nge2 Nb6 10. Qb3 Qd7 11. 0-0 Bd6 12. Bd2 0-0 13. a4 Rfe8 14. a5 Nbd5 15. Nxd5 Nxd5 16. Nc3 Nf6 17. Qc4 Rad8 18. a6 b6 19. Rfd1 Bb8 20. g3 h5 21. Be1 h4 22. Qf1 hxg3 23. hxg3 Re6 24. Qg2 Nd5 25. Nxd5 cxd5 26. Rdc1 Rde8 27. Bb4 Re4 28. Qf3 Qe6 29. Rc2 Qg6 30. Bd2 f4 31. exf4 Bxf4 32. Rac1 Bxd2 33. Rxd2 Re1+ 34. Rxe1 Rxe1+ 35. Kg2 Qh6 0-1

[Event "Carlos Gamarra Memorial"]
[Site "Asuncion"]
[Date "2009.01.??"]
[Round "3"]
[White "Hernandez, Angel C"]
[Black "Kropff, Ricardo"]
[Result "1/2-1/2"]
[WhiteElo "2239"]
[BlackElo "2295"]
[PlyCount "86"]
[EventDate "2009.01.27"]
[EventType "tourn"]
[EventRounds "9"]
[EventCountry "PAR"]
[SourceTitle "EXT 2023"]
[Source "ChessBase"]
[SourceDate "2022.10.05"]
[SourceVersion "1"]
[SourceVersionDate "2022.10.05"]
[SourceQuality "1"]

1. e4 c5 2. Nc3 Nc6 3. f4 g6 4. Nf3 Bg7 5. Bb5 d6 6. Bxc6+ bxc6 7. 0-0 Nf6 8. d3 0-0 9. Qe1 Rb8 10. Qh4 Bg4 11. Ne1 Bd7 12. f5 e6 13. fxe6 fxe6 14. Bg5 e5 15. b3 Qe7 16. Nf3 Qe6 17. h3 Nh5 18. Ne2 h6 19. Bd2 Bf6 20. Qe1 g5 21. Ng3 Nf4 22. Nf5 Kh7 23. Kh2 h5 24. g3 g4 25. Ng1 Nxh3 26. Nxh3 gxh3 27. Qe2 Be8 28. Qe3 Rb7 29. Rf2 Bd8 30. Raf1 Rg8 31. Qh6+ Qxh6 32. Nxh6 Rg6 33. Rf8 Re6 34. Nf5 Bf6 35. Nxd6 Rxd6 36. R1xf6 Rxf6 37. Rxf6 Rf7 38. Rxf7+ Bxf7 39. Be3 c4 40. dxc4 a6 41. Kxh3 Kg6 42. Kg2 Be6 43. Kf2 Bg4 1/2-1/2

[Event "Carlos Gamarra Memorial"]
[Site "Asuncion"]
[Date "2009.01.??"]
[Round "5"]
[White "Hernandez, Angel C"]
[Black "Oddone, Cristhian"]
[Result "0-1"]
[WhiteElo "2239"]
[BlackElo "2243"]
[PlyCount "82"]
[EventDate "2009.01.27"]
[EventType "tourn"]
[EventRounds "9"]
[EventCountry "PAR"]
[SourceTitle "EXT 2023"]
[Source "ChessBase"]
[SourceDate "2022.10.05"]
[SourceVersion "1"]
[SourceVersionDate "2022.10.05"]
[SourceQuality "1"]

1. e4 c6 2. d4 g6 3. c3 d6 4. f4 d5 5. e5 h5 6. Nf3 Nh6 7. Na3 Bg4 8. Nc2 e6 9. Be2 Nf5 10. Ne3 c5 11. Nxf5 gxf5 12. 0-0 Nc6 13. dxc5 Bxc5+ 14. Kh1 Kf8 15. b4 Bb6 16. a4 a5 17. Ba3 Kg7 18. b5 Ne7 19. Nd4 Rc8 20. Qd2 Bxe2 21. Nxe2 Ng6 22. Rf3 Rc4 23. Bd6 Qc8 24. Rd3 h4 25. Rf3 Re4 26. Nc1 Nxf4 27. Nd3 Ng6 28. Nf2 Rc4 29. Nh3 Qd8 30. Raf1 Rxa4 31. Ng5 Rh5 32. Rxf5 exf5 33. Nxf7 Kxf7 34. Qxd5+ Kg7 35. c4 f4 36. Qd1 Nxe5 37. c5 f3 38. cxb6 fxg2+ 39. Kxg2 Qg5+ 40. Kh1 Ng6 41. Bf8+ Kg8 0-1

[Event "PAR-ch"]
[Site "Asuncion"]
[Date "2008.06.15"]
[Round "6"]
[White "Almiron, Antonio"]
[Black "Hernandez, Angel C"]
[Result "1/2-1/2"]
[WhiteElo "2115"]
[BlackElo "2210"]
[PlyCount "63"]
[EventDate "2008.05.31"]
[EventType "swiss"]
[EventRounds "11"]
[EventCountry "PAR"]
[SourceTitle "CBM 124 Extra"]
[Source "ChessBase"]
[SourceDate "2008.07.03"]
[SourceVersion "1"]
[SourceVersionDate "2008.07.03"]
[SourceQuality "1"]

1. c4 e5 2. Nc3 Nf6 3. g3 Bc5 4. Bg2 Nc6 5. e3 d5 6. cxd5 Nb4 7. d4 exd4 8. exd4 Be7 9. Nge2 Nbxd5 10. 0-0 0-0 11. Qb3 Nb6 12. d5 Bf5 13. Nd4 Bd3 14. Rd1 Bc4 15. Qc2 Bxd5 16. Nf5 c6 17. Bg5 Rc8 18. Qd3 Re8 19. Rac1 Bc5 20. Nxd5 cxd5 21. Qf3 Nbd7 22. b4 Bf8 23. Rxc8 Qxc8 24. Nh6+ gxh6 25. Bxf6 Nxf6 26. Qxf6 Bg7 27. Qf3 d4 28. Qxb7 Qxb7 29. Bxb7 Rb8 30. Bd5 Rb5 31. Bb3 Rxb4 32. Rc1 1/2-1/2

[Event "PAR-ch"]
[Site "Asuncion"]
[Date "2008.06.07"]
[Round "3"]
[White "Hernandez, Angel C"]
[Black "Jodorcovsky Werjivker, Paulo"]
[Result "1-0"]
[WhiteElo "2210"]
[BlackElo "2207"]
[PlyCount "69"]
[EventDate "2008.05.31"]
[EventType "swiss"]
[EventRounds "11"]
[EventCountry "PAR"]
[SourceTitle "CBM 124 Extra"]
[Source "ChessBase"]
[SourceDate "2008.07.03"]
[SourceVersion "1"]
[SourceVersionDate "2008.07.03"]
[SourceQuality "1"]

1. d4 Nf6 2. Nf3 e6 3. Bg5 c5 4. c3 Qb6 5. Bc1 Nc6 6. e3 d5 7. Be2 Bd6 8. 0-0 e5 9. dxe5 Nxe5 10. Nxe5 Bxe5 11. Nd2 0-0 12. c4 Be6 13. cxd5 Bxd5 14. Nc4 Qe6 15. Nxe5 Qxe5 16. f3 Rfd8 17. Qc2 Bc6 18. e4 Qd4+ 19. Kh1 h6 20. a4 b6 21. Ra3 Nh5 22. Be3 Qf6 23. Qc1 Qh4 24. Kg1 Rd6 25. Qe1 Qf6 26. Qc1 Qh4 27. Rc3 Bxa4 28. e5 Rg6 29. Rc4 Qe7 30. Rxa4 Qxe5 31. f4 Qe8 32. Ra3 Nf6 33. f5 Rg4 34. Bxg4 Nxg4 35. h3 1-0

[Event "Isla Guitart op"]
[Site "Isla Guitart "]
[Date "1994.??.??"]
[Round "?"]
[White "Hernandez, Angel C"]
[Black "Carvajal Gamoneda, Ana Luisa"]
[Result "1-0"]
[WhiteElo "2325"]
[BlackElo "2085"]
[PlyCount "41"]
[EventDate "1994.??.??"]
[EventType "swiss"]
[EventRounds "9"]
[EventCountry "CUB"]
[SourceTitle "EXT 2000"]
[Source "ChessBase"]
[SourceDate "1999.11.16"]
[SourceVersion "1"]
[SourceVersionDate "1999.11.16"]
[SourceQuality "1"]

1. e4 c5 2. c3 Nc6 3. d4 cxd4 4. cxd4 d6 5. Nf3 Nf6 6. Nc3 Bg4 7. d5 Ne5 8. Nxe5 dxe5 9. Bb5+ Bd7 10. Bd3 e6 11. 0-0 Be7 12. Bc2 exd5 13. exd5 Qc7 14. Bg5 0-0 15. Rc1 h6 16. d6 Bg4 17. dxc7 Bxd1 18. Bxf6 Bxc2 19. Bxe7 Rfe8 20. Rxc2 Rxe7 21. Nd5 1-0